| 000 | 00637nam a2200241Ia 4500 | ||
|---|---|---|---|
| 003 | GCL | ||
| 008 | 140319s9999 xx 000 0 eng d | ||
| 040 |
_aGCL / _cGCL |
||
| 082 | 0 | 4 |
_aCC _b322.1 _bE C |
| 100 | 1 | _aEL-FEKI, MOUSTAFA | |
| 245 | 1 | 0 |
_aCOPTICS IN EGYPTIAN POLITICS 1919-1952 / _cEL-FEKI, MOUSTAFA |
| 260 |
_a[S.N] : _bGENERAL EGYPTIAN BOOK ORGANITION ، _c1991 |
||
| 300 | _a210 P | ||
| 650 | 0 | 4 | _aHISTORY |
| 650 | 0 | 4 | _aMODERN EGYPT |
| 650 | 0 | 4 | _aCOPTS |
| 650 | 0 | 4 | _aEGYPTIAN SOCIETY |
| 650 | 0 | 4 | _aREVOLUTION 1919 |
| 650 | 0 | 4 | _aPOLICY |
| 650 | 0 | 4 | _aEGYPT - RELIGION |
| 650 | 0 | 4 | _aREVOLUTION 1952 |
| 942 |
_2ddc _cBK |
||
| 999 |
_c20512 _d20512 |
||